Statistics for Biggest Cities Starting with H by Country

Click here to take the quiz!

General Stats

  • This quiz has been taken 76 times
    (53 since last reset)
  • The average score is 20 of 132

Answers on the Map

Answers color-coded by a green-red scale on the quiz's map according to % correct below.
Loading ...
 

Answer Stats

CountryCityPopulation% Correct
BhutanHa2,596
100%
GhanaHo104,532
100%
United StatesHouston2,320,268
98%
GermanyHamburg1,847,253
95%
FinlandHelsinki653,835
93%
VietnamHo Chi Minh City7,004,921
93%
CubaHavana2,132,394
88%
ZimbabweHarare1,485,231
86%
AustraliaHobart216,682
79%
IndiaHyderabad7,677,018
74%
PakistanHyderabad1,734,309
74%
ChinaHangzhou5,849,537
70%
JapanHiroshima1,199,252
70%
GreeceHeraklion157,452
63%
CanadaHamilton693,645
60%
New ZealandHamilton176,500
60%
Solomon IslandsHoniara130,176
60%
IsraelHaifa285,316
56%
SyriaHoms652,609
51%
AfghanistanHerat574,300
47%
NetherlandsHaarlem204,570
42%
SwedenHelsingborg147,734
37%
MexicoHermosillo829,000
37%
United KingdomHuddersfield171,809
37%
SpainHuelva143,837
37%
SomaliaHargeisa1,200,000
35%
AngolaHuambo595,304
33%
North KoreaHamhung703,610
23%
PeruHuancayo441,400
19%
EgyptHurghada195,675
16%
Costa RicaHeredia367,900
14%
UkraineHorlivka242,224
12%
LibyaHun19,816
12%
IcelandHafnarfjörður29,971
9%
NorwayHaugesund37,357
9%
DenmarkHorsens59,449
9%
Czech RepublicHradec Králové92,939
9%
FranceHyères55,588
9%
EstoniaHaapsalu9,513
7%
BulgariaHaskovo69,219
7%
United Arab EmiratesHatta12,769
7%
MontenegroHerceg Novi11,059
7%
AustriaHallein21,314
5%
IranHamadan554,406
5%
ThailandHat Yai156,802
5%
KuwaitHawally957,090
5%
UgandaHoima122,700
5%
ItalyHône1,157
5%
PortugalHorta5,553
5%
MaldivesHulhumale15,769
5%
RomaniaHunedoara60,525
5%
CroatiaHvar3,771
5%
AzerbaijanHajigabul26,200
2%
PolandHajnówka20,488
2%
MaltaĦamrun10,075
2%
BarbadosHastings1,500
2%
GrenadaHillsborough1,000
2%
MoldovaHîncești12,491
2%
LesothoHlotse38,558
2%
HungaryHódmezővásárhely43,311
2%
Saudi ArabiaHofuf660,788
2%
ColombiaHonda23,300
2%
BrazilHortolândia234,260
2%
TaiwanHsinchu448,803
2%
South KoreaHwaseong855,949
2%
KenyaHabaswein49,599
0%
BangladeshHabiganj69,512
0%
NigeriaHadejia65,966
0%
Bosnia and HerzegovinaHadžići4,993
0%
EritreaHagaz11,861
0%
ComorosHahaya-Aéroport5,143
0%
YemenHajjah35,180
0%
KosovoHajvalia7,391
0%
TurkeyHakkari59,756
0%
SenegalHamady Ounaré10,175
0%
BahrainHamala18,000
0%
AlgeriaHamma Bouziane83,603
0%
TunisiaHammamet73,236
0%
South AfricaHammanskraal94,273
0%
TanzaniaHandeni79,056
0%
UzbekistanHaqqulobod27,300
0%
ChadHaraze6,158
0%
LiberiaHarbel25,309
0%
GuyanaHaslington7,308
0%
MauritaniaHassichegar5,632
0%
TongaHaveluloto3,476
0%
JamaicaHayes10,639
0%
TurkmenistanHazar29,131
0%
QatarHazm Al Markhiya5,586
0%
IrelandHeadford973
0%
BelgiumHeist-op-den-Berg42,950
0%
NamibiaHelao Nafidi19,375
0%
LebanonHermel40,000
0%
ParaguayHernandarias65,200
0%
LuxembourgHesperange15,584
0%
NepalHetauda85,653
0%
VenezuelaHiguerote32,200
0%
Dominican RepublicHigüey147,978
0%
Sri LankaHikkaduwa27,075
0%
OmanHilf12,217
0%
IraqHillah455,741
0%
PhilippinesHimamaylan106,880
0%
AlbaniaHimarë2,822
0%
HaitiHinche30,595
0%
Republic of the CongoHinda32,995
0%
MyanmarHinthada83,762
0%
UruguayHipódromo505
0%
Ivory CoastHiré31,960
0%
TajikistanHisor29,100
0%
EswatiniHlatikulu2,076
0%
BelarusHlybokaye17,800
0%
MozambiqueHomoíne7,272
0%
BelizeHopkins1,610
0%
PanamaHorconcitos996
0%
SwitzerlandHorgen22,992
0%
EthiopiaHosaena133,800
0%
BeninHouéyogbé74,492
0%
F. S. MicronesiaHouk1,116
0%
Burkina FasoHoundé87,154
0%
SurinameHouttuin15,656
0%
SloveniaHrastnik4,962
0%
ArmeniaHrazdan40,000
0%
ChileHualqui19,689
0%
BoliviaHuanuni20,336
0%
EcuadorHuaquillas47,706
0%
GuatemalaHuehuetenango117,818
0%
BotswanaHukuntsi4,131
0%
SlovakiaHumenné32,834
0%
HondurasHumuya1,319
0%
LaosHuoayxay29,866
0%
ArgentinaHurlingham60,000
0%
JordanHusn35,085
0%

Score Distribution

Percentile by Number Answered

Percent of People with Each Score

Your Score History

You have not taken this quiz since the last reset